| 000 | 00961nam a22003017a 4500 | ||
|---|---|---|---|
| 001 | BR2025004680 | ||
| 003 | BR-BrBNA | ||
| 005 | 20251113121822.0 | ||
| 008 | 251113b bl.||||| |||| 00| 0 por d | ||
| 040 |
_aBR-BrBNA _bpor |
||
| 041 | _apor | ||
| 072 |
_aQ02 ; Q04 _b9924 |
||
| 090 | _a9924 BR2025004680 | ||
| 100 | 0 | _aCardoso, Maria das Graças | |
| 100 | 0 | _aCorrêa, Angelita Duarte | |
| 100 | 0 | _aAbreu, Celeste Maria Patto de | |
| 100 | 0 | _aUniversidade Federal de Lavras, MG (Brasil) | |
| 245 |
_aAnálises físico-químicas da cachaça _bCurso de pós-graduação "lato sensu" (especialização) a distância: tecnologia da cachaça |
||
| 260 |
_aLavras, MG (Brasil) _c2004 |
||
| 300 |
_a37 p. _bil. |
||
| 500 | _aIncludes several bibliographies; 6 illus.; 1 tables | ||
| 650 | _aCACHAÇA | ||
| 650 | _aBEBIDA ALCOÓLICA | ||
| 650 | _aANÁLISE FÍSICA | ||
| 650 | _aANÁLISE QUÍMICA | ||
| 909 |
_a202511 _bFernando |
||
| 942 | _cBK | ||
| 999 |
_c339051 _d339051 |
||